Biện pháp quản lý công tác nghiên cứu khoa học của giảng viên trường Cao đẳng Lương thực - Thực phẩm Đà Nẵng
Nghiên cứu cơ sở lý luận quản lý công tác NCKH của GV ở trường cao đẳng. Khảo sát, phân tích và đánh giá thực trạng quản lý công tác NCKH của GV ở Trường LTTP Đà Nẵng. Đề xuất các biện pháp quản lý công tác NCKH của GV ở Trường Cao đẳng LTTP Đà Nẵng....
Đã lưu trong:
| 主要作者: | |
|---|---|
| 其他作者: | |
| 格式: | 圖書 |
| 語言: | Vietnamese |
| 出版: |
Đà Nẵng
Đại học Đà Nẵng
2016
|
| 主題: | |
| 標簽: |
添加標簽
沒有標簽, 成為第一個標記此記錄!
|
| Thư viện lưu trữ: | Mạng thư viện Đại học Đà Nẵng |
|---|
| LEADER | 01871nam a2200349 4500 | ||
|---|---|---|---|
| 001 | 000023862 | ||
| 003 | 20315 | ||
| 005 | 20160329150327.0 | ||
| 008 | 160318s2016 viesd | ||
| 041 | |a vie | ||
| 082 | 1 | 4 | |a 378.12214 |b ĐĂ-H |
| 100 | 1 | |a Đặng Thị Thanh Huyền | |
| 245 | 1 | |a Biện pháp quản lý công tác nghiên cứu khoa học của giảng viên trường Cao đẳng Lương thực - Thực phẩm Đà Nẵng |c Đặng Thị Thanh Huyền ; Nguyễn Quang Giao hướng dẫn. |k Luận văn Thạc sĩ | |
| 260 | |a Đà Nẵng |b Đại học Đà Nẵng |c 2016 | ||
| 300 | |a 106 tr. ; phụ lục 10 tr. |c 29 cm. |e Tóm tắt | ||
| 500 | |a Luận văn thạc sĩ. Chuyên ngành: Quản lý giáo dục. Mã số: 60.14.01.14 | ||
| 520 | 3 | |a Nghiên cứu cơ sở lý luận quản lý công tác NCKH của GV ở trường cao đẳng. Khảo sát, phân tích và đánh giá thực trạng quản lý công tác NCKH của GV ở Trường LTTP Đà Nẵng. Đề xuất các biện pháp quản lý công tác NCKH của GV ở Trường Cao đẳng LTTP Đà Nẵng. | |
| 650 | 0 | 4 | |a Giáo dục đại học |v Luận văn tốt nghiệp |x Nghiên cứu khoa học |z Đà Nẵng |
| 653 | |a Nghiên cứu khoa học | ||
| 653 | |a Giáo dục đại học | ||
| 653 | |a Quản lý giáo dục | ||
| 700 | 1 | |a Nguyễn Quang Giao |c PGS.TS. |e Hướng dẫn | |
| OWN | |a LSP | ||
| AVA | |a UDN50 |b LSP |d 378.12214 ĐĂ-H |e available |t Error 5001 Not defined in file expand_doc_bib_avail. |f 1 |g 0 |h N |i 0 |k 1 | ||
| 999 | |a From the UDN01 | ||
| AVA | |a UDN50 |b LSP |d 378.12214 ĐĂ-H |e available |t Error 5001 Not defined in file expand_doc_bib_avail. |f 1 |g 0 |h N |i 0 |k 1 | ||
| TYP | |a Monograph | ||
| TYP | |a Printed language | ||
| 980 | |a Mạng thư viện Đại học Đà Nẵng | ||